Jednoduché účtovníctvo a daň z príjmov obyvateľstva

Salvato in:
Dettagli Bibliografici
Natura: Libro
Lingua:slovacco
Pubblicazione: Žilina : Poradca podnikateľa, spol.s.r.o., 1992
Tags: Aggiungi Tag
Nessun Tag, puoi essere il primo ad aggiungerne!!

MARC

LEADER 00000nam a22000003a 4500
001 stu18366
005 20150408181519.7
008 920317s1992----cs------------------slo-d
020 |a 80-85437-16-3 
040 |a STU  |b slo 
041 0 |a slo 
044 |a cs 
080 |a 336.717.16 
245 |a Jednoduché účtovníctvo a daň z príjmov obyvateľstva 
260 |a Žilina :  |b Poradca podnikateľa, spol.s.r.o.,  |c 1992 
300 |a 112 s 
996 |b C89040  |c C*89040  |l CCXIV  |s P  |a 0  |w stu18366_0001